00278nam a22000977a 4500082002000000100001900020245005400039260003400093300001100127650004200138 a620.11292 TRE'S aSCOTT, DOUGLAS aTREATISE ON MATERIALS SCIENCE AND TECHNOLOGY WEAR aNEWYORKbACADEMIC PRESSc1979 aVOL-13 aMECHANICAL WEAR STRENGTH OF MATERIALS